| 000 | 00498nam a2200169 4500 | ||
|---|---|---|---|
| 001 | 122342 | ||
| 003 | ES-MaACL | ||
| 005 | 20230906191946.0 | ||
| 007 | t| | ||
| 008 | 070214s1931 fr r ||||1| fre d | ||
| 100 | 1 |
_aPouvourville, Albert de. _993477 |
|
| 245 | 1 | 4 |
_aLes grandes figures coloniales / _cAlbert de Pouvourville, Francis Garnier. |
| 260 |
_aParis : _bPlon-Nourrit et cie, _c1931. |
||
| 300 |
_a252 p. ; _c19 cm. |
||
| 700 | 1 |
_aGarnier, Francis. _955609 |
|
| 852 |
_aES-MaACL _jF-13779 |
||
| 999 |
_c122342 _d122342 |
||